000 00572nam a2200181Ia 4500
008 090630s9999 xx 000 0 und d
082 _b16534
100 _aप्रधान मधुकर ल.
245 _aअतृप्ता.
_cप्रधान मधुकर ल.
260 _bप्रपंच.
300 _a0
600 _aप्रधान मधुकर ल.
630 _aअतृप्ता.
655 _aकादंबरी.
700 _aप्रधान मधुकर ल.
730 _aअतृप्ता.
942 _cBOOK
999 _c268390
_d268390